Govt. of
Madhya Pradesh

The Heritage Of Orissa (Record no. 629)

MARC details
000 -LEADER
fixed length control field 005040000a22001930004500
001 - CONTROL NUMBER
control field 000629
003 - CONTROL NUMBER IDENTIFIER
control field MACL
005 - DATE AND TIME OF LATEST TRANSACTION
control field 20150818135418.0
008 - FIXED-LENGTH DATA ELEMENTS--GENERAL INFORMATION
fixed length control field 150818b xxu||||| |||| 00| 0 eng d
040 ## - CATALOGING SOURCE
Original cataloging agency MACL
Transcribing agency MACL
041 ## - LANGUAGE CODE
Language code of text/sound track or separate title English
082 ## - DEWEY DECIMAL CLASSIFICATION NUMBER
Classification number 541/KAR
100 ## - MAIN ENTRY--PERSONAL NAME
Personal name Kar, Indu Bhusan
9 (RLIN) 6071
245 ## - TITLE STATEMENT
Title The Heritage Of Orissa
Statement of responsibility, etc. Indu Bhusan Kar
260 ## - PUBLICATION, DISTRIBUTION, ETC. (IMPRINT)
Date of publication, distribution, etc. 1997
Name of publisher, distributor, etc. Advanced Centre For Indological Studies,
350 ## - PRICE (NR) (BK AM CF MU VM SE) [OBSOLETE]
Price 150
650 ## - SUBJECT ADDED ENTRY--TOPICAL TERM
Topical term or geographic name as entry element Chemistry And Allied Sciences
9 (RLIN) 6072
942 ## - ADDED ENTRY ELEMENTS (KOHA)
Call number prefix 541
Koha item type Books
Source of classification or shelving scheme
Holdings
Withdrawn status Lost status Source of classification or shelving scheme Damaged status Not for loan Home library Current library Date acquired Cost, normal purchase price Total Checkouts Full call number Barcode Date last seen Uniform Resource Identifier Price effective from Koha item type
          MACL MACL 15/04/2015 150.00   541/KAR CRE011119 02/05/2024 628 15/04/2015 Books